Most Populous Cities in the Netherlands - Statistics

General Stats
  • This quiz has been taken 27 times
  • The average score is 13 of 23
Answer Stats
Population City % Correct
741,636 Amsterdam
100%
598,199 Rotterdam
100%
474,292 The Hague
100%
209,620 Eindhoven
92%
290,529 Utrecht
92%
181,194 Groningen
84%
122,378 Maastricht
80%
147,590 Haarlem
76%
167,673 Breda
60%
153,655 Enschede
52%
158,732 Nijmegen
52%
141,674 Arnhem
48%
119,713 Leiden
48%
134,520 's-Hertogenbosch
44%
199,613 Tilburg
40%
139,914 Amersfoort
36%
136,670 Apeldoorn
36%
119,260 Dordrecht
36%
111,805 Zwolle
36%
115,845 Zoetermeer
16%
132,734 Hoofddorp
12%
140,085 Zaanstad
12%
176,432 Almere Stad
8%
No matching quizzes found
Score Distribution
Percent of People with Each Score
Percentile by Number Answered
Your Score History
You have not taken this quiz